| 000 | 00000nam##2200000za#4500 |
| 001 | 9.578864 |
| 003 | CaOODSP |
| 005 | 20210624190304 |
| 007 | cr ||||||||||| |
| 008 | 150406|1998||||xxc|||||o f|0| 0 eng|d |
| 040 | |aCaOODSP|beng |
| 043 | |an-cn--- |
| 086 | 1 |aFs76-1/A3-15-1998E-PDF |
| 110 | 1 |aCanada. |bDepartment of Fisheries and Oceans. |bMaritimes Region. |
| 245 | 10|aYellowtail flounder on Georges Bank |h[electronic resource] |
| 260 | |aDartmouth - Nova Scotia : |bFisheries and Oceans Canada. |cMay 1998. |
| 300 | |a6p.|bgraphs, illus., map, references, tables |
| 490 | 1 |aStock status report |vA3-15(1998) |
| 590 | |a14-12-Supp|b2014-05-30 |
| 775 | 08|tLimande à queue jaune du banc Georges |w(CaOODSP)9.606620 |
| 830 | #0|aStock status report ;|vA3-15(1998)|w(CaOODSP)9.506229 |
| 856 | 40|ahttp://publications.gc.ca|qPDF|s121 KB|uhttps://publications.gc.ca/collections/collection_2014/mpo-dfo/Fs76-1-A3-15-1998-eng.pdf|yA3-15(1998) |